Agriculture and animal husbandry in India /

Bibliographic Details
Main Author: Randhawa, M. S. (Mohinder Singh), 1909-1986
Format: Book
Language:English
Published: New Delhi : Indian Council of Agricultural Research, [1958]
Subjects:

MARC

Tag First Indicator Second Indicator Subfields
LEADER 00000cam a2200000 4500
001 in00000385721
005 20151011113018.0
008 780727s1958 ii ab b f00100 engm
010 |a  60002747  
035 |a (OCoLC)04089801 
035 |9 ABR9043AM 
040 |a DLC  |c KKS  |d KKS  |d TXA  |d UtOrBLW 
049 |a TXA1  |c [A14808474844] 
050 0 0 |a S471.I3  |b R3 1958 
082 0 |a 630.954 
100 1 |a Randhawa, M. S.  |q (Mohinder Singh),  |d 1909-1986. 
245 1 0 |a Agriculture and animal husbandry in India /  |c Forward [as printed] by Ajit Prasad Jain. 
264 1 |a New Delhi :  |b Indian Council of Agricultural Research,  |c [1958] 
300 |a xvi, 364 pages :  |b illustrations, maps. ;  |c 29 cm. 
336 |a text  |b txt  |2 rdacontent 
337 |a unmediated  |b n  |2 rdamedia 
338 |a volume  |b nc  |2 rdacarrier 
504 |a Bibliography: pages 349-357. 
650 0 |a Agriculture  |z India. 
650 0 |a Livestock  |z India. 
999 |a MARS 
999 f f |s 843460da-7103-322e-9259-5251c20a1ef7  |i 25517e0b-f68c-3e5f-b948-80b61bc9f1ec  |t 0 
952 f f |p noncirc  |a Texas A&M University  |b College Station  |c Cushing Memorial Library & Archives  |d Cushing: Dykes (Does not check out)  |t 0  |e S471.I3 R3 1958  |h Library of Congress classification  |i unmediated -- volume  |m A14851919143 
998 f f |a S471.I3 R3 1958  |t 0  |l Cushing: Dykes (Does not check out)